[Event "HUN-chT 2019-20"]
[Site "Budapest"]
[Date "2019.11.16"]
[Round "1.1"]
[White "Vovk, Andriy"]
[Black "Lenic, Luka"]
[Result "1/2-1/2"]
[WhiteElo "2607"]
[BlackElo "2633"]
[Annotator "ChessBase"]
[PlyCount "97"]
[EventDate "2019.11.16"]
[EventType "team-tourn"]
[EventCountry "HUN"]
[SourceTitle "playchess.com"]
[Source "ChessBase"]
[SourceQuality "1"]

1. e4 e5 2. Nf3 Nc6 3. Bc4 Bc5 4. O-O Nf6 5. d3 d6 6. c3 a6 7. a4 h6 8. Nbd2 O-O 9. h3 Re8 10. Re1 Be6 11. b4 Ba7 12. Bxe6 Rxe6 13. Qc2 Qd7 14. Nc4 Ne7 15. Be3 Bxe3 16. Nxe3 d5 17. exd5 Nfxd5 18. Nc4 f6 19. d4 Qc6 20. Qb3 b5 21. axb5 axb5 22. Rxa8+ Qxa8 23. Ncd2 Ra6 24. dxe5 Ra3 25. Qb2 fxe5 26. c4 bxc4 27. Nxc4 Ra4 28. Qxe5 Rxb4 29. Ne3 Ra4 30. Nxd5 Nxd5 31. Qe6+ Kh8 32. Kh2 Nf6 33. Qf7 Re4 34. Rxe4 Qxe4 35. Qxc7 Kh7 36. Qc3 Qf4+ 37. g3 Qe4 38. Kg1 Qe2 39. Qe3 Qxe3 40. fxe3 Ne4 41. Kg2 Kg6 42. Ne5+ Kf5 43. Nd3 h5 44. Nf4 g6 45. h4 Kg4 46. Nxg6 Nxg3 47. Ne5+ Kxh4 48. Nf3+ Kg4 49. Nh2+ 1/2-1/2

[Event "HUN-chT 2019-20"]
[Site "Budapest"]
[Date "2019.11.16"]
[Round "1.2"]
[White "Volokitin, Andrei"]
[Black "Vovk, Yuri"]
[Result "1/2-1/2"]
[WhiteElo "2633"]
[BlackElo "2577"]
[Annotator "ChessBase"]
[PlyCount "119"]
[EventDate "2019.11.16"]
[EventType "team-tourn"]
[EventCountry "HUN"]
[SourceTitle "playchess.com"]
[Source "ChessBase"]
[SourceQuality "1"]

1. e4 c6 2. d4 d5 3. Nc3 dxe4 4. Nxe4 Bf5 5. Ng3 Bg6 6. h4 h6 7. Nf3 e6 8. Ne5 Bh7 9. Bd3 Bxd3 10. Qxd3 Nd7 11. Bf4 Nxe5 12. Bxe5 Qa5+ 13. c3 Nf6 14. O-O Ng4 15. Rad1 Nxe5 16. dxe5 Rd8 17. Qxd8+ Qxd8 18. Rxd8+ Kxd8 19. Rd1+ Kc7 20. h5 Be7 21. Kf1 Rd8 22. Rxd8 Kxd8 23. Ke2 f6 24. Kd3 fxe5 25. Nf1 Bc5 26. Ne3 Ke7 27. Ng4 Bb6 28. Ke4 Bc7 29. f3 Bd6 30. a4 b5 31. Nxe5 Bxe5 32. Kxe5 bxa4 33. c4 Kd7 34. f4 Ke7 35. g3 Kd7 36. g4 Ke7 37. g5 a6 38. Ke4 Kd6 39. Kd4 Kd7 40. Ke5 Ke7 41. Ke4 Kd7 42. Kd3 Kd6 43. Kd4 Kd7 44. Kc5 Kc7 45. Kb4 Kd6 46. Kxa4 Kc5 47. Ka5 Kxc4 48. Kxa6 Kd5 49. Kb6 Kd6 50. b4 Kd7 51. Kb7 Kd6 52. Kc8 hxg5 53. fxg5 Ke7 54. h6 gxh6 55. gxh6 Kf7 56. Kd7 e5 57. Kxc6 e4 58. b5 e3 59. b6 e2 60. b7 1/2-1/2

[Event "HUN-chT 2019-20"]
[Site "Budapest"]
[Date "2019.11.16"]
[Round "1.3"]
[White "Balog, Imre"]
[Black "Balogh, Csaba"]
[Result "1-0"]
[WhiteElo "2550"]
[BlackElo "2591"]
[Annotator "ChessBase"]
[PlyCount "131"]
[EventDate "2019.11.16"]
[EventType "team-tourn"]
[EventCountry "HUN"]
[SourceTitle "playchess.com"]
[Source "ChessBase"]
[SourceQuality "1"]

1. c4 e5 2. g3 Nf6 3. Bg2 c6 4. d4 Bb4+ 5. Bd2 Bxd2+ 6. Qxd2 d6 7. Nc3 O-O 8. e4 Be6 9. b3 Qa5 10. Nge2 b5 11. d5 Bc8 12. cxb5 cxb5 13. a3 Qb6 14. O-O a5 15. Rfb1 Na6 16. b4 Bd7 17. Nd1 Nc7 18. Nc1 a4 19. h3 Nfe8 20. Ne3 g6 21. Ne2 Ng7 22. Kh2 Rae8 23. Re1 Re7 24. Rac1 Nce8 25. Rc3 f5 26. exf5 gxf5 27. f4 Nf6 28. Rf1 Rfe8 29. fxe5 Rxe5 30. Nd4 Ne4 31. Bxe4 Rxe4 32. Rd3 Qd8 33. Ng2 Qf6 34. Nf4 Rc8 35. Rf2 Rc4 36. Nfe2 h6 37. Ne6 Qa1 38. Nxg7 Kxg7 39. Re3 Qe5 40. Rxe4 Rxe4 41. Nf4 Qa1 42. Qd3 Re1 43. Qf3 Qd1 44. Ne2 Qb3 45. Nc3 Qxa3 46. g4 Qc1 47. Ne2 Qa1 48. gxf5 Qe5+ 49. Ng3 Re3 50. Qg4+ Kf8 51. Qg6 Be8 52. Qxh6+ Ke7 53. f6+ Kd8 54. Qg7 a3 55. Qg8 a2 56. Rxa2 Qxf6 57. Ra8+ Kc7 58. Qh7+ Bd7 59. Qc2+ Rc3 60. Qa2 Bc8 61. Qa5+ Kd7 62. Qxb5+ Ke7 63. Ra2 Qh4 64. Re2+ Kd8 65. Qe8+ Kc7 66. Re7+ 1-0

[Event "HUN-chT 2019-20"]
[Site "Budapest"]
[Date "2019.11.16"]
[Round "1.4"]
[White "Markus, Robert"]
[Black "Nenezic, Marko"]
[Result "1/2-1/2"]
[WhiteElo "2602"]
[BlackElo "2524"]
[Annotator "ChessBase"]
[PlyCount "64"]
[EventDate "2019.11.16"]
[EventType "team-tourn"]
[EventCountry "HUN"]
[SourceTitle "playchess.com"]
[Source "ChessBase"]
[SourceQuality "1"]

1. d4 Nf6 2. c4 g6 3. g3 Bg7 4. Bg2 O-O 5. Nf3 d6 6. O-O c6 7. Nc3 Bf5 8. e3 Ne4 9. Ne2 Nf6 10. b3 e5 11. dxe5 dxe5 12. Ba3 Qxd1 13. Raxd1 Re8 14. h3 h5 15. Nc3 e4 16. Nd4 Bc8 17. Bd6 Nbd7 18. g4 hxg4 19. hxg4 Nxg4 20. Nxe4 Ndf6 21. Nc5 Nd7 22. Ne4 Ndf6 23. Nc3 Bf8 24. Bxf8 Kxf8 25. Rd2 Bd7 26. Rfd1 Re7 27. Nde2 Rae8 28. Ng3 Bc8 29. Rd8 Rxd8 30. Rxd8+ Re8 31. Rxe8+ Nxe8 32. Kf1 Ke7 1/2-1/2

[Event "HUN-chT 2019-20"]
[Site "Budapest"]
[Date "2019.11.16"]
[Round "1.6"]
[White "Horvath, Dominik"]
[Black "Izsak, Gyula"]
[Result "1-0"]
[WhiteElo "2436"]
[BlackElo "2424"]
[Annotator "NA"]
[PlyCount "125"]
[EventDate "2019.11.16"]
[EventType "team-tourn"]
[EventCountry "HUN"]
[SourceTitle "playchess.com"]
[Source "ChessBase"]
[SourceQuality "1"]

1. d4 d5 2. c4 e6 3. Nc3 Nf6 4. Nf3 Be7 5. Bf4 O-O 6. e3 Nbd7 7. Be2 dxc4 8. O-O Nd5 9. Bxc4 Nxf4 10. exf4 Nb6 11. Bb3 Nd5 12. Qd2 Nxc3 13. Qxc3 b6 14. Ne5 Bd6 15. Qf3 Ba6 16. Rfd1 Qc8 17. Ba4 Bxe5 18. fxe5 Bb7 19. Bc6 Bxc6 20. Qxc6 Rd8 21. Rac1 Rd7 22. f4 Qd8 23. d5 exd5 24. Rd4 Qe8 25. Rcd1 Rad8 26. Rxd5 Rxd5 27. Rxd5 Qe7 28. f5 Rxd5 29. Qxd5 Qe8 30. h4 h6 31. g3 Kh7 32. b3 Qe7 33. Kg2 Kg8 34. Kh3 a5 35. a4 Qe8 36. Kh2 Kf8 37. Kg2 Qc8 38. g4 Ke7 39. Kg3 Kf8 40. Kf4 Ke7 41. Qd4 Kf8 42. g5 hxg5+ 43. Kxg5 Qe8 44. Kg4 Kg8 45. Qd5 Kh7 46. e6 fxe6 47. fxe6 Qg6+ 48. Kh3 Qe8 49. Qd7 Qf8 50. Qf7 Qd8 51. Qh5+ Kg8 52. Qf7+ Kh7 53. Qf5+ Kg8 54. h5 Qe8 55. Kg4 c6 56. Kf4 b5 57. Ke3 bxa4 58. bxa4 Qe7 59. Ke2 Qb7 60. Qe5 Kf8 61. h6 Qa6+ 62. Ke1 gxh6 63. Qf6+ 1-0

[Event "HUN-chT 2019-20"]
[Site "Budapest"]
[Date "2019.11.16"]
[Round "1.7"]
[White "Szabo, Bence"]
[Black "Aczel, Gergely"]
[Result "1/2-1/2"]
[WhiteElo "2353"]
[BlackElo "2515"]
[Annotator "ChessBase"]
[PlyCount "178"]
[EventDate "2019.11.16"]
[EventType "team-tourn"]
[EventCountry "HUN"]
[SourceTitle "playchess.com"]
[Source "ChessBase"]
[SourceQuality "1"]

1. d4 Nf6 2. c4 e6 3. Nc3 Bb4 4. g3 O-O 5. Bg2 d5 6. Nf3 dxc4 7. O-O Nbd7 8. Qc2 h6 9. Rd1 Rb8 10. Ne5 Nxe5 11. dxe5 Nd7 12. Ne4 Be7 13. Be3 b6 14. Qxc4 Nxe5 15. Qc3 Bd6 16. Bf4 f6 17. Nxd6 cxd6 18. Qa3 d5 19. Qxa7 Bd7 20. Qa3 Rc8 21. b3 Rc2 22. Rd2 Rxd2 23. Bxd2 Bb5 24. Re1 d4 25. Qb4 Qd7 26. Bf4 Ng6 27. a4 Bc6 28. Bxc6 Qxc6 29. Qxd4 e5 30. Qd3 Nxf4 31. gxf4 exf4 32. Rd1 Re8 33. Rd2 Re5 34. Qd8+ Kh7 35. Qd3+ f5 36. f3 Qg6+ 37. Kh1 Qg5 38. Qd8 Qxd8 39. Rxd8 Re3 40. Rd3 Rxe2 41. Rd6 b5 42. axb5 Re5 43. Rd4 Rxb5 44. Rxf4 g5 45. Rc4 Rxb3 46. Kg2 Rb2+ 47. Kg1 Kg6 48. Rc6+ Kg7 49. Rc7+ Kf6 50. Rc6+ Kg7 51. Rc7+ Kg6 52. Rc6+ Kh5 53. Rf6 f4 54. Rc6 Rb1+ 55. Kg2 Rb2+ 56. Kg1 Rb8 57. Kg2 Rg8 58. Rc2 Kh4 59. Rc6 Kh5 60. Rc2 Rg6 61. Ra2 Rb6 62. Rc2 Kh4 63. Ra2 h5 64. h3 Rb3 65. Rc2 Ra3 66. Rb2 Ra8 67. Rc2 Rd8 68. Rb2 Rd3 69. Rc2 Ra3 70. Rb2 g4 71. hxg4 hxg4 72. fxg4 Kxg4 73. Rc2 Rg3+ 74. Kf2 Rh3 75. Rc8 Rh2+ 76. Kg1 Re2 77. Rc3 Re3 78. Rc2 Kg3 79. Rg2+ Kf3 80. Rf2+ Ke4 81. Ra2 Kf3 82. Rf2+ Kg4 83. Ra2 Rh3 84. Rg2+ Kf3 85. Ra2 Kg3 86. Rg2+ Kh4 87. Ra2 Rg3+ 88. Kf2 Kg4 89. Ra8 Re3 1/2-1/2

[Event "HUN-chT 2019-20"]
[Site "Budapest"]
[Date "2019.11.16"]
[Round "1.8"]
[White "Medvegy, Zoltan"]
[Black "Toth, Ervin"]
[Result "1/2-1/2"]
[WhiteElo "2529"]
[BlackElo "2439"]
[Annotator "ChessBase"]
[PlyCount "86"]
[EventDate "2019.11.16"]
[EventType "team-tourn"]
[EventCountry "HUN"]
[SourceTitle "playchess.com"]
[Source "ChessBase"]
[SourceQuality "1"]

1. c4 g6 2. Nc3 Bg7 3. g3 d6 4. Bg2 e5 5. d3 Ne7 6. e4 O-O 7. Nge2 Be6 8. O-O Nbc6 9. Nd5 Qd7 10. Bg5 f6 11. Be3 f5 12. Qd2 Rf7 13. Rac1 Raf8 14. f3 Kh8 15. b4 Ng8 16. b5 Nd4 17. Bxd4 exd4 18. Ndf4 c5 19. bxc6 bxc6 20. c5 Rb8 21. cxd6 Qxd6 22. Nxe6 Qxe6 23. f4 fxe4 24. Bxe4 Nf6 25. Bxc6 Ng4 26. Be4 Ne3 27. Rb1 Re8 28. Rfc1 Qh3 29. Nc3 g5 30. Nd5 gxf4 31. Nxf4 Qg4 32. Kh1 Bh6 33. Qb2 Rd8 34. Rg1 Re7 35. Qe2 Bxf4 36. Qxg4 Nxg4 37. gxf4 Nf2+ 38. Kg2 Nxe4 39. dxe4 Rxe4 40. Kf3 Re3+ 41. Kf2 Rh3 42. Rg2 d3 43. Ke1 Rf3 1/2-1/2

[Event "HUN-chT 2019-20"]
[Site "Budapest"]
[Date "2019.11.16"]
[Round "1.9"]
[White "Krizsany, Laszlo"]
[Black "Ribli, Zoltan"]
[Result "1/2-1/2"]
[WhiteElo "2414"]
[BlackElo "2534"]
[Annotator "ChessBase"]
[PlyCount "114"]
[EventDate "2019.11.16"]
[EventType "team-tourn"]
[EventCountry "HUN"]
[SourceTitle "playchess.com"]
[Source "ChessBase"]
[SourceQuality "1"]

1. d4 Nf6 2. c4 e6 3. Nf3 d5 4. Nc3 dxc4 5. e4 Bb4 6. Bg5 h6 7. Bxf6 Qxf6 8. Bxc4 c5 9. O-O cxd4 10. Nb5 Qe7 11. a3 Bc5 12. b4 Bb6 13. Nbxd4 O-O 14. Qe2 Bd7 15. Rfd1 Nc6 16. Nxc6 Bxc6 17. Bb5 Bxb5 18. Qxb5 Rfd8 19. Qe2 Rac8 20. Rac1 Qf6 21. Rxd8+ Qxd8 22. Rc2 Rxc2 23. Qxc2 a5 24. g3 axb4 25. axb4 Ba7 26. Kg2 Qb6 27. Qd2 f6 28. Ne1 Kh7 29. Nc2 Qb5 30. h4 Qc4 31. f3 Qa2 32. h5 Qb2 33. g4 e5 34. Kf1 Bd4 35. Qd3 Bc3 36. b5 Ba5 37. Ke2 Qb1 38. Qd1 Qxb5+ 39. Qd3 Qb1 40. Qd1 Qb2 41. Kf1 Qc3 42. Ke2 b5 43. Ne3 Qb4 44. Nd5 Qb2+ 45. Ke3 Qa3+ 46. Kf2 Qc5+ 47. Kg2 Bb6 48. Nxb6 Qxb6 49. Qb3 Qc6 50. Kf2 Qc5+ 51. Ke2 b4 52. Qf7 Qb5+ 53. Kd2 Qc6 54. Qb3 Qb7 55. Kc2 g6 56. Qe6 gxh5 57. gxh5 Qc7+ 1/2-1/2

[Event "HUN-chT 2019-20"]
[Site "Budapest"]
[Date "2019.11.16"]
[Round "1.10"]
[White "Galyas, Miklos"]
[Black "Persanyi, Barnabas"]
[Result "1/2-1/2"]
[WhiteElo "2478"]
[BlackElo "2383"]
[Annotator "ChessBase"]
[PlyCount "83"]
[EventDate "2019.11.16"]
[EventType "team-tourn"]
[EventCountry "HUN"]
[SourceTitle "playchess.com"]
[Source "ChessBase"]
[SourceQuality "1"]

1. c4 c5 2. Nf3 Nc6 3. Nc3 g6 4. e3 Nf6 5. d4 cxd4 6. exd4 d5 7. cxd5 Nxd5 8. Qb3 Nxc3 9. Bc4 Nd5 10. Bxd5 e6 11. Bxc6+ bxc6 12. O-O f6 13. Be3 Qd5 14. Qc3 Bd6 15. Nd2 Kf7 16. f3 Rd8 17. Ne4 Be7 18. b3 a5 19. Rac1 Ra6 20. Qe1 h5 21. Kh1 Ra8 22. Nc5 Ba6 23. Rf2 e5 24. Rd2 Bd6 25. Rdd1 Bxc5 26. Rxc5 Qd6 27. Rxa5 Bb7 28. Rxa8 Bxa8 29. Qd2 exd4 30. Qxd4 Qxd4 31. Rxd4 Rxd4 32. Bxd4 Ke6 33. Kg1 f5 34. h4 Kd5 35. Be3 Bb7 36. Kf2 Ba6 37. Bb6 c5 38. Ke3 Bf1 39. g3 c4 40. b4 c3 41. Bc5 Kc4 42. Be7 1/2-1/2

[Event "HUN-chT 2019-20"]
[Site "Budapest"]
[Date "2019.11.16"]
[Round "1.11"]
[White "Polyik, Peter"]
[Black "Markoja, Boris"]
[Result "1/2-1/2"]
[WhiteElo "2327"]
[BlackElo "2445"]
[Annotator "NA"]
[PlyCount "61"]
[EventDate "2019.11.16"]
[EventType "team-tourn"]
[EventCountry "HUN"]
[SourceTitle "playchess.com"]
[Source "ChessBase"]
[SourceQuality "1"]

1. d4 Nf6 2. c4 e6 3. Nf3 b6 4. e3 Bb7 5. Bd3 Bb4+ 6. Nc3 O-O 7. O-O d5 8. a3 dxc4 9. Bxc4 Bxc3 10. bxc3 Nbd7 11. a4 c5 12. Ba3 Qc7 13. Be2 Rfd8 14. Qb3 Rac8 15. Rfc1 Bd5 16. c4 Bxf3 17. Bxf3 cxd4 18. exd4 e5 19. dxe5 Nxe5 20. c5 Nxf3+ 21. Qxf3 Qc6 22. Qxc6 Rxc6 23. cxb6 Rxc1+ 24. Rxc1 axb6 25. g3 h6 26. Be7 Rd4 27. Bxf6 gxf6 28. Rc6 Kg7 29. Rxb6 Rxa4 30. Kg2 Ra2 31. h4 1/2-1/2

[Event "HUN-chT 2019-20"]
[Site "Budapest"]
[Date "2019.11.16"]
[Round "1.12"]
[White "Gara, Ticia"]
[Black "Havanecz, Bianka"]
[Result "1-0"]
[WhiteElo "2322"]
[BlackElo "2251"]
[Annotator "NA"]
[PlyCount "51"]
[EventDate "2019.11.16"]
[EventType "team-tourn"]
[EventCountry "HUN"]
[SourceTitle "playchess.com"]
[Source "ChessBase"]
[SourceQuality "1"]

1. c4 e6 2. Nf3 Nf6 3. g3 c5 4. Bg2 Nc6 5. O-O Be7 6. d4 cxd4 7. Nxd4 O-O 8. Nc3 Qb6 9. Ndb5 Qc5 10. b3 Qh5 11. e4 Qg6 12. Nd6 Rd8 13. f4 Ne8 14. Nxe8 Bc5+ 15. Kh1 Rxe8 16. Nb5 Rd8 17. e5 a6 18. Ba3 Bxa3 19. Nxa3 f6 20. Qd6 Re8 21. c5 Na7 22. Nc4 Qf7 23. Nb6 Nb5 24. Qd3 Ra7 25. a4 Nc7 26. Qd6 1-0

[Event "HUN-chT 2019-20"]
[Site "Budapest"]
[Date "2019.11.16"]
[Round "1.13"]
[White "Lupulescu, Constantin"]
[Black "Damjanovic, Branko"]
[Result "0-1"]
[WhiteElo "2657"]
[BlackElo "1728"]
[Annotator "TA"]
[PlyCount "122"]
[EventDate "2019.11.16"]
[EventType "team-tourn"]
[EventCountry "HUN"]
[SourceTitle "playchess.com"]
[Source "ChessBase"]
[SourceQuality "1"]

{[%evp 19,122,61,65,45,62,58,52,54,59,30,58,35,45,22,35,30,45,31,45,36,37,47,72,70,93,100,119,102,117,93,91,81,130,113,116,106,180,125,125,128,109,112,139,115,131,113,114,112,145,148,169,153,204,165,166,148,155,140,153,133,169,162,210,207,208,180,174,172,214,170,183,165,149,118,197,0,0,0,0,-489,-450,-1152,-1126,-1039,-1020,-1145,0,0,0,-1132,-1064,-29975,-1072,-29976,-29977,-29954,-29954,-7814,-6133,-6805,-6483,-4790,-3648,-2644,-2306]} 1. e4 c5 2. Nf3 e6 3. d4 cxd4 4. Nxd4 a6 5. Bd3 Nf6 6. O-O Qc7 7. Qe2 d6 8. c4 g6 9. Nc3 Bg7 10. Be3 O-O 11. Rfd1 {B42: Sicilian: Kan Variation: 5 Bd3} Nbd7 12. h3 b6 13. Rac1 {White is slightly better.} Bb7 14. Bb1 Rac8 15. Nf3 Rfd8 16. b3 {[%cal Bb2b3,Bb3b4][%mdl 32]} Qb8 17. Bf4 Bf8 18. b4 $146 ({Predecessor:} 18. Qe3 Bc6 19. e5 Nh5 20. exd6 Nxf4 21. Qxf4 Bxf3 22. Qxf3 {0-1 (33) Fang,Y (2447)-Sengupta,D (2583) Bangkok 2017}) 18... Ba8 19. a3 Be7 20. Bd3 $36 {[%mdl 2048] White has good play.} Bb7 21. Qe3 e5 22. Bh6 Re8 23. Nd2 Bd8 24. Nb3 Bc6 25. Be2 Re6 26. Qd3 Qa8 {[%cal Rf6e4]} 27. Nd2 a5 (27... Rb8 $16 28. Nd5 b5) 28. Ra1 ({Better is} 28. g4 $18) 28... Rc7 $16 29. Bf3 Ra7 {White should prevent ...axb4.} 30. Nb3 Qb8 31. Rdb1 Qc8 32. Rc1 Qb8 33. Be3 a4 34. Nd2 h5 35. Ndb1 Nh7 (35... Re8 $16 {was necessary.} 36. Be2 Nf8) 36. Qd2 Ndf8 37. Ra2 Re8 38. Nd5 Ne6 39. Nbc3 Rf8 40. Bd1 h4 41. Nb5 Rd7 42. Bxa4 f5 {Black wants to play ...f4.} 43. f3 Nhg5 44. Nbc3 Bxa4 45. Nxa4 fxe4 46. fxe4 {[%cal Rd5b6]} ({Don't take} 46. Ndxb6 Rdf7 $14) 46... Rdf7 (46... Rf3 $16 {might work better.} 47. Qd1 (47. Naxb6 Rdf7 $16) 47... Rg3) 47. Nac3 $2 ({Don't play} 47. Bxb6 $6 Nxe4 48. Qd3 N6g5 $16) ({White should try} 47. Qe2 $18) 47... Nf4 $1 $11 48. Qd1 {aiming for Nb5.} Qc8 $1 49. Nxb6 $2 {[%mdl 8192]} (49. Bxf4 $1 $11 exf4 50. Nb5) 49... Bxb6 $19 50. Bxb6 {[#]} (50. c5 $142 dxc5 51. Kh2) 50... Nxg2 $1 {[%mdl 576] Remove Defender} 51. Rxg2 Nf3+ 52. Kf2 Nd4+ 53. Kg1 Nf3+ 54. Kf2 {Threatens to win with Ke3.} Qxh3 55. Qd5 Kh7 (55... Nd4+ $142 56. Kg1 Qe3+ {[%mdl 64] Double Attack} 57. Kh2 Qf4+ 58. Kh3 Qxc1 {[%mdl 64] Double Attack} 59. Nd1 Kg7 60. Qxf7+ Rxf7 61. Bxd4 exd4 62. Rf2 Qxd1 63. Rxf7+ Kxf7 64. Kxh4 {[#]} Qf3 $1 {[%mdl 576] Double Attack} 65. a4 Kf6 66. e5+ dxe5 67. c5 g5#) 56. Ne2 Nd4+ 57. Ke1 Rf1+ 58. Kd2 Nb3+ {[%mdl 64] Double Attack. Black is clearly winning.} 59. Kc2 Nxc1 {[%mdl 64] Discovered Attack} 60. Rg3 hxg3 61. Nxc1 Qg2+ {Accuracy: White = 47%, Black = 48%.} 0-1

[Event "HUN-chT 2019-20"]
[Site "Budapest"]
[Date "2019.11.16"]
[Round "1.13"]
[White "Lupulescu, Constantin"]
[Black "Damljanovic, Branko"]
[Result "0-1"]
[WhiteElo "2657"]
[BlackElo "2474"]
[Annotator "TA"]
[PlyCount "122"]
[EventDate "2019.11.16"]
[EventType "team-tourn"]
[EventCountry "HUN"]
[SourceTitle "playchess.com"]
[Source "ChessBase"]
[SourceQuality "1"]

{[%evp 19,122,60,56,59,65,59,67,52,57,35,37,40,42,22,36,43,42,27,40,25,37,42,82,74,94,111,106,99,112,79,105,91,125,129,104,107,167,122,122,122,133,119,142,110,115,119,114,116,160,155,171,172,194,172,175,145,155,143,147,150,168,166,190,194,187,177,200,197,215,149,164,172,153,134,184,0,0,0,12,-532,-470,-1049,-1046,-1039,-962,-1166,0,0,0,-1230,-1130,-6897,-1520,-29974,-29975,-29975,-29976,-29976,-29977,-29977,-29976,-29965,-29963,-3962,-3591]} 1. e4 c5 2. Nf3 e6 3. d4 cxd4 4. Nxd4 a6 5. Bd3 Nf6 6. O-O Qc7 7. Qe2 d6 8. c4 g6 9. Nc3 Bg7 10. Be3 O-O 11. Rfd1 {B42: Sicilian: Kan Variation: 5 Bd3} Nbd7 12. h3 b6 13. Rac1 {White is slightly better.} Bb7 14. Bb1 Rac8 15. Nf3 Rfd8 16. b3 {[%cal Bb2b3,Bb3b4][%mdl 32]} Qb8 17. Bf4 Bf8 18. b4 $146 ({Predecessor:} 18. Qe3 Bc6 19. e5 Nh5 20. exd6 Nxf4 21. Qxf4 Bxf3 22. Qxf3 {0-1 (33) Fang,Y (2447)-Sengupta,D (2583) Bangkok 2017}) 18... Ba8 19. a3 Be7 20. Bd3 Bb7 21. Qe3 $36 {[%mdl 2048] White is in control.} e5 22. Bh6 Re8 23. Nd2 Bd8 24. Nb3 Bc6 25. Be2 Re6 26. Qd3 Qa8 {[%cal Rf6e4]} 27. Nd2 a5 (27... Rb8 $16 {is a better defense.} 28. Qf3 b5) 28. Ra1 Rc7 29. Bf3 Ra7 {next ...axb4 is good for Black.} 30. Nb3 Qb8 31. Rdb1 Qc8 32. Rc1 Qb8 33. Be3 a4 34. Nd2 h5 35. Ndb1 Nh7 36. Qd2 Ndf8 37. Ra2 Re8 38. Nd5 Ne6 39. Nbc3 Rf8 40. Bd1 h4 41. Nb5 Rd7 42. Bxa4 f5 {White should prevent ...f4.} 43. f3 Nhg5 44. Nbc3 Bxa4 45. Nxa4 fxe4 46. fxe4 {[%cal Rd5b6]} ({Don't take} 46. Ndxb6 $6 Rdf7 $14) 46... Rdf7 47. Nac3 $2 ({Much less strong is} 47. Bxb6 $6 Nxe4 48. Qd3 N6g5 $16) (47. Qe2 $18) 47... Nf4 $1 $11 48. Qd1 {Hoping for Nb5.} Qc8 $1 49. Nxb6 $2 {[%mdl 8192]} (49. Bxf4 $1 $11 {and White is okay.} exf4 50. Nb5) 49... Bxb6 $19 50. Bxb6 {[#]} (50. c5 $142 dxc5 51. Kh2) 50... Nxg2 $1 {[%mdl 512]} 51. Rxg2 Nf3+ 52. Kf2 Nd4+ 53. Kg1 Nf3+ 54. Kf2 {Threatens to win with Ke3.} Qxh3 55. Qd5 Kh7 (55... Nd4+ $142 56. Kg1 Qe3+ {[%mdl 64] Double Attack} 57. Kh2 Qf4+ 58. Kh3 Qxc1 {[%mdl 64] Double Attack}) 56. Ne2 Nd4+ 57. Ke1 Rf1+ 58. Kd2 Nb3+ {[%mdl 64] Double Attack} 59. Kc2 Nxc1 {[%mdl 64] Discovered Attack} 60. Rg3 hxg3 61. Nxc1 Qg2+ {Accuracy: White = 49%, Black = 50%.} 0-1

[Event "HUN-chT 2019-20"]
[Site "Budapest"]
[Date "2019.11.16"]
[Round "1.14"]
[White "Stankovic, Milos"]
[Black "Parligras, Mircea-Emilian"]
[Result "1/2-1/2"]
[WhiteElo "2468"]
[BlackElo "2607"]
[Annotator "ChessBase"]
[PlyCount "68"]
[EventDate "2019.11.16"]
[EventType "team-tourn"]
[EventCountry "HUN"]
[SourceTitle "playchess.com"]
[Source "ChessBase"]
[SourceQuality "1"]

1. d4 Nf6 2. c4 e6 3. Nc3 Bb4 4. g3 O-O 5. Bg2 d5 6. Nf3 dxc4 7. O-O Nc6 8. Qa4 Nd5 9. Qc2 Be7 10. Rd1 Rb8 11. e4 Ndb4 12. Qb1 Nd3 13. Be3 b5 14. d5 exd5 15. exd5 Ncb4 16. a3 Nxd5 17. Nxd5 Qxd5 18. Ne1 Qh5 19. Nxd3 cxd3 20. Bxa7 Bg4 21. Bxb8 Bxd1 22. Qxd1 Qxd1+ 23. Rxd1 Rxb8 24. Rxd3 c5 25. Rd7 Kf8 26. Rb7 Rxb7 27. Bxb7 Bf6 28. b3 c4 29. bxc4 bxc4 30. Kf1 Ke7 31. Bd5 c3 32. Ke2 c2 33. Kd2 Bb2 34. Kxc2 Bxa3 1/2-1/2

[Event "HUN-chT 2019-20"]
[Site "Budapest"]
[Date "2019.11.16"]
[Round "1.15"]
[White "Sedlak, Nikola"]
[Black "Nestorovic, Dejan"]
[Result "1-0"]
[WhiteElo "2557"]
[BlackElo "2338"]
[Annotator "ChessBase"]
[PlyCount "69"]
[EventDate "2019.11.16"]
[EventType "team-tourn"]
[EventCountry "HUN"]
[SourceTitle "playchess.com"]
[Source "ChessBase"]
[SourceQuality "1"]

1. d4 Nf6 2. Nf3 e6 3. Bf4 c5 4. c3 Nc6 5. e3 d5 6. Nbd2 Bd6 7. Bg3 O-O 8. Bd3 b6 9. Qe2 Bb7 10. Rd1 Be7 11. Ne5 c4 12. Bc2 b5 13. a3 Nd7 14. Nxd7 Qxd7 15. Nf3 a5 16. h4 f5 17. Bf4 Bd6 18. h5 Qc7 19. Ng5 Rae8 20. Bxd6 Qxd6 21. f4 Nb8 22. g4 Nd7 23. Rg1 b4 24. Kd2 Re7 25. Rg3 Bc8 26. Rdg1 bxc3+ 27. bxc3 Nf6 28. gxf5 exf5 29. Qg2 Kh8 30. Nxh7 Nxh7 31. Rg6 Qd7 32. h6 Rff7 33. Rh1 Kg8 34. Qh3 Nf8 35. hxg7 1-0

[Event "HUN-chT 2019-20"]
[Site "Budapest"]
[Date "2019.11.16"]
[Round "1.16"]
[White "Nagy, Daniel"]
[Black "Acs, Peter"]
[Result "1/2-1/2"]
[WhiteElo "2361"]
[BlackElo "2589"]
[Annotator "ChessBase"]
[PlyCount "120"]
[EventDate "2019.11.16"]
[EventType "team-tourn"]
[EventCountry "HUN"]
[SourceTitle "playchess.com"]
[Source "ChessBase"]
[SourceQuality "1"]

1. d4 Nf6 2. Bg5 e6 3. Nd2 c5 4. e3 Nc6 5. c3 b6 6. Bd3 Bb7 7. Ngf3 cxd4 8. exd4 Be7 9. Bxf6 Bxf6 10. Qe2 O-O 11. h4 g6 12. h5 Ne7 13. Ne4 Bxe4 14. Qxe4 Qc7 15. Qg4 Kg7 16. Qh3 g5 17. h6+ Kh8 18. Qh5 Ng6 19. g3 Qd8 20. Qg4 Be7 21. Ne5 f5 22. Qe2 Bf6 23. Nxg6+ hxg6 24. O-O-O Rb8 25. g4 Qc7 26. Kb1 Qf4 27. gxf5 exf5 28. Rde1 Rf7 29. Qc2 Qd6 30. Re3 Re7 31. Rhe1 Rbe8 32. Bc4 Kh7 33. Qb3 Rxe3 34. fxe3 Qg3 35. Rd1 Re7 36. Bg8+ Kh8 37. Bf7 Qxe3 38. Bxg6 Qe4+ 39. Ka1 g4 40. Qc4 Qc6 41. Qf1 Qf3 42. Bxf5 Bg5 43. Qxf3 gxf3 44. Rf1 Bxh6 45. Rxf3 Re1+ 46. Bb1 Re2 47. Rf5 Kg7 48. Rb5 Kf6 49. a4 Bc1 50. Bd3 Rg2 51. Kb1 Rg1 52. Bc2 Bf4+ 53. Ka2 Rg5 54. Rxg5 Bxg5 55. Kb3 Ke7 56. Kc4 Kd6 57. Be4 a5 58. Kb5 Kc7 59. b4 axb4 60. cxb4 Be3 1/2-1/2

[Event "HUN-chT 2019-20"]
[Site "Budapest"]
[Date "2019.11.16"]
[Round "1.17"]
[White "Kaczur, Florian"]
[Black "Tesik, Csaba"]
[Result "1-0"]
[WhiteElo "2464"]
[BlackElo "2287"]
[Annotator "ChessBase"]
[PlyCount "36"]
[EventDate "2019.11.16"]
[EventType "team-tourn"]
[EventCountry "HUN"]
[SourceTitle "playchess.com"]
[Source "ChessBase"]
[SourceQuality "1"]

1. e4 c5 2. Nf3 e6 3. g3 d5 4. exd5 exd5 5. d4 Nf6 6. Bg2 Nc6 7. O-O Be7 8. Nc3 O-O 9. Be3 cxd4 10. Bxd4 Be6 11. Re1 Qd7 12. Qd2 Rac8 13. a3 Rfd8 14. Rad1 Bg4 15. Ne2 Ne4 16. Qe3 Nf6 17. c3 Bf5 18. Nf4 Nxd4 1-0